En la batalla política
সংরক্ষণ করুন:
| প্রধান লেখক: | |
|---|---|
| বিন্যাস: | গ্রন্থ |
| ভাষা: | স্প্যানিশ |
| প্রকাশিত: |
Santiago
Gabriela Mistral
1974
|
| মালা: | Pensamiento Contemporáneo
|
| বিষয়গুলি: | |
| ট্যাগগুলো: |
ট্যাগ যুক্ত করুন
কোনো ট্যাগ নেই, প্রথমজন হিসাবে ট্যাগ করুন!
|
MARC
| LEADER | 00000nam a2200000 a 4500 | ||
|---|---|---|---|
| 001 | UCP6581 | ||
| 003 | CL-VaPUC | ||
| 008 | 991029e19740000CL |||||||||||||||||spa|d | ||
| 082 | 0 | 4 | |a 320.983 |b ALO |2 21 |
| 100 | 0 | |a Alone |e author |9 346606 | |
| 245 | 1 | 0 | |a En la batalla política |
| 300 | |a 401 p | ||
| 942 | |c BK | ||
| 945 | |d 19991029 00:00:00 |a crobeson | ||
| 260 | |a Santiago |b Gabriela Mistral |c 1974 | ||
| 650 | 7 | |a FILOSOFIA POLITICA |2 CL-VaPUC |9 435756 | |
| 650 | 0 | |a Historia política |9 256974 | |
| 650 | 7 | |a EVOLUCION POLITICA |2 CL-VaPUC |9 416588 | |
| 650 | 0 | |a REFORMA AGRARIA |9 256789 | |
| 650 | 7 | |a MARXISMO |2 CL-VaPUC |9 435757 | |
| 651 | 7 | |a CHILE |2 CL-VaPUC |9 435758 | |
| 583 | |a last modification |c 20160913 03:50:41 |k Rodrigo Vera | ||
| 490 | 0 | |a Pensamiento Contemporáneo | |
| 999 | |c 284089 |d 284087 | ||
| 952 | |0 0 |1 0 |4 0 |6 320_983000000000000_ALO_1974 |7 0 |8 A |9 327833 |a BIBHIS |b BIBHIS |d 2019-11-20 |i 1370693 |o 320.983 ALO 1974 |p 1370693 |r 2025-01-20 |w 2019-11-20 |y BK |k HIS | ||